Ross careers book : (Record no. 193924)
[ view plain ]
| 000 -LEADER | |
|---|---|
| fixed length control field | 01048 a2200157 4500 |
| 003 - CONTROL NUMBER IDENTIFIER | |
| control field | NUST |
| 005 - DATE AND TIME OF LATEST TRANSACTION | |
| control field | 20230102173851.0 |
| 040 ## - CATALOGING SOURCE | |
| Transcribing agency | Nust |
| 082 ## - DEWEY DECIMAL CLASSIFICATION NUMBER | |
| Classification number | 371.425,ROS |
| 100 ## - MAIN ENTRY--PERSONAL NAME | |
| Personal name | K. Adlard Coles |
| 9 (RLIN) | 106653 |
| 245 ## - TITLE STATEMENT | |
| Title | Ross careers book : |
| Remainder of title | Part I to IX / |
| Statement of responsibility, etc. | Edited by K. Adlard Coles |
| 260 ## - PUBLICATION, DISTRIBUTION, ETC. | |
| Name of publisher, distributor, etc. | Robert ross and co ltd |
| Date of publication, distribution, etc. | 1840 |
| 300 ## - PHYSICAL DESCRIPTION | |
| Extent | viii,64 p.; |
| 505 ## - FORMATTED CONTENTS NOTE | |
| Formatted contents note | Preface (Page-3), Qualities Necessary for the Making of a Good Advertising Man (Page-5), Inside An Advertising Agency (Page-8), The Accounts Executive (Page-12), The Research and Statistical Executive (Page-14), The Copy-Writer (Page-17), The Artist and Layout Man (Page-19), The Production Executive (Page-22), The Space Buyer (Page-24), The Film Publicity Expert (Page-26), Radio and Television (Page-28), The Advertising Manager (Page-31), The Advertisement Manager (Page-34), Women in Advertising (Page-37), How to Enter Advertising (Page-40), Examination in Advertising (Page-430, Bibliography (Page-48), The Structure of Advertising (Page-51). |
| 942 ## - ADDED ENTRY ELEMENTS (KOHA) | |
| Source of classification or shelving scheme | |
| Koha item type | Book |
| Call number prefix | 371.425,ROS |
| Withdrawn status | Lost status | Source of classification or shelving scheme | Damaged status | Not for loan | Permanent Location | Current Location | Shelving location | Date acquired | Full call number | Barcode | Date last seen | Price effective from | Koha item type | Public note |
|---|---|---|---|---|---|---|---|---|---|---|---|---|---|---|
| Military College of Signals (MCS) | Military College of Signals (MCS) | General Stacks | 12/12/2016 | 371.425,ROS | MCS30150 | 12/08/2016 | 12/12/2016 | Book | Almirah No.54, Shelf No.3 |
